| 000 | 00494cam a2200193ua 4500 | ||
|---|---|---|---|
| 020 |
_a81 224 0182 1 _c70.00 |
||
| 041 |
_aeng _h |
||
| 082 |
_a519.72 _bSHE/LI |
||
| 100 | _aShenoy, G V . | ||
| 245 |
_aLinear programming : methods and applications / _cG V Shenoy. _hTextual Documents |
||
| 250 |
_a1 / _b. |
||
| 260 |
_aNew Delhi : _bWiley Eastern Ltd , _c1992. |
||
| 300 | _a255 ; . | ||
| 365 | _a70.00 | ||
| 500 | _a*CSS | ||
| 504 | _a | ||
| 942 | _cBK | ||
| 999 |
_c9851 _d9851 |
||